| 000 | 00476nam a2200181Ia 4500 | ||
|---|---|---|---|
| 005 | 20250423094546.0 | ||
| 008 | 250422s9999 xx 000 0 und d | ||
| 020 | _a9789350145364 | ||
| 050 | _aQA 76.9 .L37/ | ||
| 100 | _aLari, Osama | ||
| 245 | 0 | _aBasics of modelling and simulation | |
| 260 | _aNew Delhi | ||
| 260 | _bS. K. Kataria and Sons | ||
| 260 | _c2015 | ||
| 300 | _a444 p | ||
| 650 | _a Computer simulation. Expert systems (Computer science) | ||
| 942 | _cBK | ||
| 999 |
_c27602 _d27602 |
||